LIBRARY ONLINE CATALOGUE

Life of Muhammad / (Record no. 10051)

MARC details
000 -LEADER
fixed length control field 00668nam a22002172 4500
001 - CONTROL NUMBER
control field 0000023917
005 - DATE AND TIME OF LATEST TRANSACTION
control field 20151217152251.0
008 - FIXED-LENGTH DATA ELEMENTS--GENERAL INFORMATION
fixed length control field 130416s xx 000 0 eng d
020 ## - INTERNATIONAL STANDARD BOOK NUMBER
International Standard Book Number 1848800816 :
040 ## - CATALOGING SOURCE
Original cataloging agency KABU
Transcribing agency KABU
100 1# - MAIN ENTRY--PERSONAL NAME
Personal name Ahmad, Mirza Bashiruddin Mahmud.
-- 0000183703
245 10 - TITLE STATEMENT
Title Life of Muhammad /
Statement of responsibility, etc. Mirza Bashiruddin Mahmud Ahmad.
250 ## - EDITION STATEMENT
Edition statement 1st ed.
260 ## - PUBLICATION, DISTRIBUTION, ETC. (IMPRINT)
Place of publication, distribution, etc. Tilford, England :
Name of publisher, distributor, etc. IIP,
Date of publication, distribution, etc. 2012.
300 ## - PHYSICAL DESCRIPTION
Extent 395 p.
600 10 - SUBJECT ADDED ENTRY--PERSONAL NAME
Personal name Muhammad, Prophet.
-- 0000183704
852 1# - LOCATION
-- p500 KES
852 1# - LOCATION
-- p500 KES
908 ## - PUT COMMAND PARAMETER (RLIN)
Put command parameter 130416
950 ## - LOCAL HOLDINGS (RLIN)
-- 1
Holdings
Withdrawn status Lost status Source of classification or shelving scheme Not for loan Home library Current library Date acquired Total Checkouts Full call number Barcode Date last seen Price effective from Koha item type Date last checked out
    Library of Congress Classification   Kabarak, Main Campus Kabarak, Main Campus 17/12/2015   BP75 .A36 2012 c. 1 014921 02/08/2024 17/12/2015 General Collection  
    Library of Congress Classification   Kabarak, Main Campus Kabarak, Main Campus 17/12/2015 6 BP75 .A36 2012 c. 2 014920 23/11/2024 17/12/2015 General Collection 07/11/2024